00973cam a22002657a 4500003000500000005001700005008004100022010001000063011001000073035001000083040000900093100002700102245017700129260004100306300002900347502008500376530003600461650002300497650002100520650003100541650002500572700003100597856006300628856001600691CHAP20220329142745.0030609s2003 mx r 00010 spa d a87335 a88307 a98852 cCHAP00aAvila Nolasco, Nelson.10aEstudio de factibilidad para el establecimiento de un beneficio seco de café (Coffea arabica) en Jaltenango, Chiapasc/por Nelson Avila Nolasco e Inés Contreras Morales aChapingo, Méx. :bEl autor,c2003. a171 h. :bilus. , anexos aTesis (Ing. Agroindustrial) -- UACH. Departamento de Ingeniería Agroindustrial aTambién disponible en línea14aCafé orgánico.14aCaféxChiapas.14aCaféxMercadeozChiapas.14aCaféxRendimiento.0 aContreras Nolasco, Nelson. 3Finding aiduhttp://10.13.5.2/tesis/98852.pdfzTeclea aqui a1 n0000634